POLITICAL THEORY IDEAS AND INSTITUTIONS (Record no. 5705)

MARC details
000 -LEADER
fixed length control field 00367nam a22001337a 4500
005 - DATE AND TIME OF LATEST TRANSACTION
control field 20210831125317.0
008 - FIXED-LENGTH DATA ELEMENTS--GENERAL INFORMATION
fixed length control field 180628b xxu||||| |||| 00| 0 eng d
041 ## - LANGUAGE CODE
Language code of text/sound track or separate title eng
100 ## - MAIN ENTRY--AUTHOR NAME
Personal name RAY, AMAL AND BHATTACHARYA, MOHIT
245 ## - TITLE STATEMENT
Title POLITICAL THEORY IDEAS AND INSTITUTIONS
260 ## - PUBLICATION, DISTRIBUTION, ETC. (IMPRINT)
Place of publication KOLKATA
Name of publisher THE WORLD PRESS PVT. LTD
Year of publication KOLKATA
300 ## - PHYSICAL DESCRIPTION
Number of Pages 616p,
942 ## - ADDED ENTRY ELEMENTS (KOHA)
Koha item type Books
Holdings
Lost status Damaged status Home library Current library Shelving location Date acquired Cost, normal purchase price Accession Number Koha item type
    JRU Library JRU Library SHELF-30-F 28/06/2018 175.00 22362 Books